00688nam a2200217Ia 450000500170000000800410001702000180005804000180007604100080009408200230010210000220012524500680014725000120021526000430022730000300027065000220030065000310032265000510035365000410040470000250044520231003142453.0210716s2004 xx 000 0 und d a9788177589993 cAIMIT LIBRARY aeng a658.8342 29bSCHL aSchiffman, Leon G aConsumer behavior /cBy Leon G Schiffman and Leslie Lazar Kanuk a9th ed. aNew Delhi :bPearson Education,c2004. axxii,581p,bPB :c25.5 cm aConsumer Behavior aConsumer as an Individual  aConsumer in their Social and Cultural Settings aThe Consumer Decision Making Process aKanuk, Leslie Lazar.